La fotografía paso a paso.

Guardat en:
Dades bibliogràfiques
Autor principal: Langford, Michael (autor)
Format: Llibre
Publicat: Madrid, España: Hermann Blume Ediciones, 1979.
Matèries:
Etiquetes: Afegir etiqueta
Sense etiquetes, Sigues el primer a etiquetar aquest registre!

MARC

LEADER 00000nam a22000007a 4500
003 CL-VaPUC
005 20250407202434.0
008 250121t1979 ||||| |||| 00| 0 spa d
999 |c 446724  |d 446722 
020 |a 978-84-87756-01-6 
040 |c Pontificia Universidad Católica de Valparaíso 
082 7 |2 22  |a 771 LAN 1979 
100 1 |a Langford, Michael   |e autor  |9 895699 
245 1 3 |a La fotografía paso a paso. 
246 |a La fotografía paso a paso. Un curso completo. 
260 |a Madrid, España:  |b Hermann Blume Ediciones,   |c 1979. 
300 |a 224 páginas :  |b ilustraciones, fotografías. 
500 |a c.1-c.7. Instituto Arcos 8-1-2025. 
583 |c 20250121  |k GC 
650 |a Fotografía   |x Técnicas   |9 895700 
650 |a Fotografía  |9 268495 
942 |2 ddc  |c BK  |n 0 
952 |0 0  |1 0  |2 ddc  |4 0  |6 771_000000000000000_LAN_1979  |7 0  |8 A  |9 599707  |a BIBINC  |b BIBINC  |d 2025-01-21  |e Instituto Arcos   |i 5664665  |o 771 LAN 1979  |p 5664665  |r 2025-01-21  |t 1  |w 2025-01-21  |y BK  |k IFP 
952 |0 0  |1 0  |2 ddc  |4 0  |6 771_000000000000000_LAN_1979  |7 0  |8 A  |9 599708  |a BIBINC  |b BIBINC  |d 2025-01-21  |e Instituto Arcos   |i 5664666  |o 771 LAN 1979  |p 5664666  |r 2025-01-21  |t 2  |w 2025-01-21  |y BK  |k IFP 
952 |0 0  |1 0  |2 ddc  |4 0  |6 771_000000000000000_LAN_1979  |7 0  |8 A  |9 599709  |a BIBINC  |b BIBINC  |d 2025-01-21  |e Instituto Arcos   |i 5664667  |o 771 LAN 1979  |p 5664667  |r 2025-01-21  |t 3  |w 2025-01-21  |y BK  |k IFP 
952 |0 0  |1 0  |2 ddc  |4 0  |6 771_000000000000000_LAN_1979  |7 0  |8 A  |9 599710  |a BIBINC  |b BIBINC  |d 2025-01-21  |e Instituto Arcos   |i 5664668  |o 771 LAN 1979  |p 5664668  |r 2025-01-21  |t 4  |w 2025-01-21  |y BK  |k IFP 
952 |0 0  |1 0  |2 ddc  |4 0  |6 771_000000000000000_LAN_1979  |7 0  |8 A  |9 601637  |a BIBINC  |b BIBINC  |d 2025-03-20  |e Instituto Arcos   |i 5666482  |o 771 LAN 1979  |p 5666482  |r 2025-03-20  |t 5  |w 2025-01-21  |y BK  |k IFP 
952 |0 0  |1 0  |2 ddc  |4 0  |6 771_000000000000000_LAN_1979  |7 0  |8 A  |9 601638  |a BIBINC  |b BIBINC  |d 2025-03-20  |e Instituto Arcos   |i 5666484  |o 771 LAN 1979  |p 5666484  |r 2025-03-20  |t 7  |w 2025-01-21  |y BK  |k IFP 
952 |0 0  |1 0  |2 ddc  |4 0  |6 771_000000000000000_LAN_1979  |7 0  |8 A  |9 601639  |a BIBINC  |b BIBINC  |d 2025-03-20  |e Instituto Arcos   |i 5666483  |o 771 LAN 1979  |p 5666483  |r 2025-03-20  |t 6  |w 2025-01-21  |y BK  |k IFP